Sustainable development : New bearings for the Nordic countries

Bewaard in:
Bibliografische gegevens
Formaat: Boek
Taal:Undetermined
Gepubliceerd in: [Denmark] Nordic Environmental Label 2001
Onderwerpen:
Tags: Voeg label toe
Geen labels, Wees de eerste die dit record labelt!
Thư viện lưu trữ: Trung tâm Học liệu Trường Đại học Cần Thơ
LEADER 00504nam a2200181Ia 4500
001 CTU_122529
008 210402s9999 xx 000 0 und d
082 |a 948 
082 |b S964 
245 0 |a Sustainable development : 
245 0 |b New bearings for the Nordic countries 
260 |a [Denmark] 
260 |b Nordic Environmental Label 
260 |c 2001 
650 |a Sustainable development 
650 |z Scandinavia. 
904 |i M.Loan 
980 |a Trung tâm Học liệu Trường Đại học Cần Thơ